000 00299nam a22001337a 4500
008 171006b xxu||||| |||| 00| 0 eng d
020 _a9780226503608
041 _aeng
080 _a159.9
100 _a49
101 _aPSI
245 _aBEYOND S4ELF INTEREST
_cMANSBRIDGE.J.J
942 _2udc
_cBK
999 _c32309
_d32309